[Event "8th Dubai Open"]
[Site "Dubai UAE"]
[Date "2006.04.26"]
[Round "4"]
[White "Neverov,V"]
[Black "Pourkashiyan,A"]
[Result "0-1"]
[WhiteElo "2572"]
[BlackElo "2311"]
[EventDate "2006.04.23"]

1. d4 d5 2. c4 e6 3. Nc3 Nf6 4. cxd5 exd5 5. Bg5 Be7 6. e3 c6 7. Bd3 Nbd7
8. Nge2 O-O 9. O-O Re8 10. f3 Nf8 11. Bh4 Be6 12. Rc1 Rc8 13. Kh1 Ng6 14.
Bg3 c5 15. Qd2 a6 16. f4 Nf8 17. f5 Bd7 18. Nf4 Bc6 19. Be2 b5 20. Bf3 b4
21. Nce2 c4 22. Nh5 Nxh5 23. Bxh5 Nd7 24. Bf3 Nf6 25. Be5 Bd6 26. Bxd6 Qxd6
27. Ng3 Rc7 28. Rfe1 Rce7 29. Kg1 Bd7 30. Ra1 g6 31. fxg6 fxg6 32. a3 b3
33. Re2 h5 34. Rf1 h4 35. Nh1 Bg4 36. Nf2 Bxf3 37. gxf3 Qd7 38. Nd1 Qf5 39.
Rg2 Rf7 40. Qe1 h3 41. Rg3 Ref8 42. Nf2 Nh5 43. Rxh3 Qg5+ 44. Kh1 Rxf3 45.
Rxf3 Rxf3 46. Nd1 Ng3+ 47. hxg3 Rxg3 0-1

[Event "8th Dubai Open"]
[Site "Dubai UAE"]
[Date "2006.04.26"]
[Round "4"]
[White "Sturua,Z"]
[Black "Teichmann,E"]
[Result "1-0"]
[WhiteElo "2524"]
[BlackElo "2320"]
[EventDate "2006.04.23"]

1. d4 Nc6 2. Nf3 d6 3. Nc3 Nf6 4. e4 Bg4 5. Be3 e6 6. h3 Bh5 7. d5 exd5 8.
exd5 Bxf3 9. Qxf3 Ne5 10. Qe2 a6 11. Bd4 Nfd7 12. O-O-O Qf6 13. Kb1 O-O-O
14. Ne4 Qf4 15. Bc3 f5 16. Nd2 Be7 17. g3 Qh6 18. f4 Ng6 19. Nb3 Rde8 20.
Qf2 Nc5 21. Nxc5 dxc5 22. Bd3 Rhf8 23. Rde1 Kd8 24. Bd2 Nh8 25. Re6 Qh5 26.
Qg2 Qf7 27. Rhe1 Bd6 28. a3 Ng6 29. Bc3 Ne7 30. a4 g6 31. Bc4 Nc8 32. a5
Na7 33. Qf1 Kd7 34. Bxa6 bxa6 35. Qxa6 Ra8 36. Rxd6+ cxd6 37. Qb7+ 1-0

[Event "8th Dubai Open"]
[Site "Dubai UAE"]
[Date "2006.04.26"]
[Round "4"]
[White "Odeev,H"]
[Black "Amanov,M"]
[Result "1/2-1/2"]
[WhiteElo "2492"]
[BlackElo "2305"]
[EventDate "2006.04.23"]

1. e4 c5 2. Nf3 e6 3. d4 cxd4 4. Nxd4 Nf6 5. Nc3 Nc6 6. Ndb5 d6 7. Bf4 e5
8. Bg5 a6 9. Na3 b5 10. Nd5 Qa5+ 11. Bd2 Qd8 12. Nxf6+ Qxf6 13. c4 b4 14.
Nc2 Qg6 15. f3 Be7 16. Qe2 O-O 17. g4 Bh4+ 18. Kd1 Rb8 19. b3 a5 20. Be1
Bxe1 21. Kxe1 Be6 22. Bg2 a4 23. Qd2 Na5 24. Rb1 axb3 25. axb3 Qf6 26. h4
Qd8 27. Kf2 Nc6 28. Kg3 Qb6 29. Rhd1 Rfd8 30. Qf2 Qc5 31. Ra1 Ra8 32. Qd2
Ra5 33. Rxa5 Nxa5 34. Qd3 Nb7 35. Ra1 Qb6 36. Qd2 Nc5 37. Qe3 Nb7 1/2-1/2

[Event "8th Dubai Open"]
[Site "Dubai UAE"]
[Date "2006.04.26"]
[Round "4"]
[White "Sai,Sr"]
[Black "Babaev,Ra"]
[Result "1-0"]
[WhiteElo "2309"]
[BlackElo "2481"]
[EventDate "2006.04.23"]

1. e4 c5 2. Nf3 d6 3. d4 cxd4 4. Nxd4 Nf6 5. f3 a6 6. c4 e6 7. Nc3 Be7 8.
Be3 O-O 9. Be2 b6 10. O-O Bb7 11. Qd2 Nbd7 12. a4 Qc7 13. a5 Bd8 14. Nb3
Qb8 15. axb6 Bxb6 16. Bxb6 Nxb6 17. Na5 Rd8 18. Qd4 Qc7 19. b4 Rac8 20. Na4
Nxa4 21. Rxa4 Ba8 22. Rb1 Nd7 23. Raa1 h6 24. Rd1 Nb6 25. Qf2 Nd7 26. Nb3
Rb8 27. Rxa6 Rxb4 28. Nd4 Nc5 29. Nb5 Rxb5 30. cxb5 Nxa6 31. bxa6 d5 32.
exd5 Bxd5 33. Qe3 Rc8 34. Rb1 Qc2 35. Bd3 Qc7 36. a7 g6 37. Qb6 Qc3 38. Be4
Kg7 39. Bxd5 exd5 40. Rd1 Re8 41. Qf2 Kh7 42. h3 Qa5 43. Qd4 Re2 44. Ra1
Ra2 45. Rxa2 Qxa2 46. Qb6 Qa1+ 47. Kf2 Qa5 1-0

[Event "8th Dubai Open"]
[Site "Dubai UAE"]
[Date "2006.04.26"]
[Round "4"]
[White "Adly,A"]
[Black "Himdan,M"]
[Result "1-0"]
[WhiteElo "2460"]
[BlackElo "2297"]
[EventDate "2006.04.23"]

1. d4 Nf6 2. c4 g6 3. Nf3 Bg7 4. g3 c5 5. Bg2 cxd4 6. Nxd4 Nc6 7. O-O O-O
8. Nc3 Nxd4 9. Qxd4 d6 10. Bg5 h6 11. Bxf6 Bxf6 12. Qe3 Bxc3 13. Qxc3 Qb6
14. b4 Be6 15. c5 Qa6 16. Qe3 Kh7 17. cxd6 exd6 18. a4 d5 19. Rfd1 Rfd8 20.
Rd4 Rac8 21. Qd2 Rc7 22. e4 Qd6 23. exd5 Qe5 24. Re1 Qg7 25. Rd1 Rcd7 26.
Qe3 b6 27. h4 Rd6 28. Kh2 Bc8 29. Rc1 f5 30. Rdc4 Bb7 31. Rc7 R8d7 32. Rxd7
Rxd7 33. h5 Qf7 34. hxg6+ Kxg6 35. b5 Kg7 36. Qe5+ Qf6 37. Re1 Qxe5 38.
Rxe5 Kf6 39. Re6+ Kg7 40. d6 Bxg2 41. Kxg2 h5 42. Kh3 Rd8 43. Kh4 Kf7 44.
Rh6 Rg8 45. Kxh5 Rg4 46. Rh7+ Ke6 47. d7 Rg8 48. Rg7 Rf8 49. Kg5 f4 50.
gxf4 Rf5+ 51. Kg6 Rf6+ 52. Kg5 Rf5+ 53. Kh6 Rf8 54. Kh5 Kf6 55. Rh7 Rd8 56.
f3 Rg8 57. Kh4 Rd8 58. Kh5 Rg8 59. f5 Kxf5 60. Rf7+ Ke6 61. Rg7 Rf8 62. Kg5
Rf5+ 63. Kg4 Rd5 64. f4 Kf6 65. Rh7 Kg6 66. d8=Q Rxd8 67. Rxa7 Kf6 68. Ra6
Rb8 69. a5 Rg8+ 70. Kf3 Rd8 71. Rxb6+ Kf5 72. a6 Rd3+ 73. Ke2 Ra3 74. Rb7
1-0

[Event "8th Dubai Open"]
[Site "Dubai UAE"]
[Date "2006.04.26"]
[Round "4"]
[White "Anilkumar,O"]
[Black "Bistric,F"]
[Result "1-0"]
[WhiteElo "2284"]
[BlackElo "2430"]
[EventDate "2006.04.23"]

1. e4 c5 2. d3 Nc6 3. g3 g6 4. Bg2 Bg7 5. Nh3 d6 6. f3 Nf6 7. Nf2 d5 8. O-O
O-O 9. Nc3 d4 10. Ne2 e5 11. f4 Ne8 12. f5 gxf5 13. exf5 Bxf5 14. Ne4 Bxe4
15. Bxe4 Nd6 16. g4 Nxe4 17. dxe4 c4 18. Ng3 Qd7 19. Nf5 f6 20. a4 Ne7 21.
Ra3 Nxf5 22. gxf5 Kh8 23. Rh3 Rf7 24. Kh1 Bf8 25. Rg1 Bc5 26. Rhg3 d3 27.
R1g2 dxc2 28. Qxc2 Rd8 29. Bd2 Rff8 30. Qxc4 Rc8 31. Qb3 Rcd8 32. h3 h6 33.
Rg6 Rf7 34. Kh2 Bf8 35. Rxf6 Qxd2 36. Rxf7 Qf4+ 37. Qg3 1-0

[Event "8th Dubai Open"]
[Site "Dubai UAE"]
[Date "2006.04.26"]
[Round "4"]
[White "Somoff,A"]
[Black "Simonenko,S"]
[Result "0-1"]
[WhiteElo "2256"]
[BlackElo "2409"]
[EventDate "2006.04.23"]

1. d4 d5 2. c4 dxc4 3. e3 Nf6 4. Bxc4 a6 5. Nf3 e6 6. O-O c5 7. a4 Nc6 8.
Qe2 Qc7 9. Nc3 Bd6 10. h3 O-O 11. Rd1 b6 12. d5 Na5 13. Ba2 e5 14. b3 e4
15. Nd2 Qe7 16. Nf1 Qe5 17. Bb2 Qg5 18. Kh1 Qh4 19. Kg1 Re8 20. f4 exf3 21.
Qxf3 Re5 22. Qf4 Qxf4 23. exf4 Re8 24. Bc1 Nh5 25. f5 Be5 26. Bb2 Bd4+ 27.
Kh2 Nf6 28. b4 Be5+ 29. Ng3 cxb4 30. Nb5 Bxb2 31. Nc7 Bxa1 32. Rxa1 Bd7 33.
Nxa8 Rxa8 34. Rb1 b3 35. Bxb3 Nxb3 36. Rxb3 Nxd5 37. Rd3 Nf6 38. Rd6 Bxa4
39. Rxb6 Bd7 0-1

[Event "8th Dubai Open"]
[Site "Dubai UAE"]
[Date "2006.04.26"]
[Round "4"]
[White "Habu,Y"]
[Black "Abdul,Majee"]
[Result "1/2-1/2"]
[WhiteElo "2382"]
[BlackElo "2242"]
[EventDate "2006.04.23"]

1. e4 e6 2. d4 d5 3. e5 c5 4. c3 Nc6 5. Nf3 Bd7 6. Be2 Nge7 7. Na3 cxd4 8.
cxd4 Nf5 9. Nc2 Rc8 10. O-O Qb6 11. b3 Nb4 12. Nxb4 Bxb4 13. Bb2 Bb5 14. a4
Bxe2 15. Qxe2 a6 16. Rfc1 O-O 17. g3 h6 18. Kg2 Ne7 19. Rxc8 Rxc8 20. Qd3
Rc6 21. Rc1 Rxc1 22. Bxc1 Nc6 23. h4 Na5 24. Bb2 Qc6 25. h5 Be7 26. Nd2 Bb4
27. Nf3 Bf8 28. Nd2 Bb4 1/2-1/2

[Event "8th Dubai Open"]
[Site "Dubai UAE"]
[Date "2006.04.26"]
[Round "4"]
[White "Sethuraman,S"]
[Black "El Arousy,A"]
[Result "1/2-1/2"]
[WhiteElo "2231"]
[BlackElo "2369"]
[EventDate "2006.04.23"]

1. e4 e6 2. d4 d5 3. Nd2 Nf6 4. e5 Nfd7 5. Bd3 c5 6. c3 Nc6 7. Ngf3 cxd4 8.
cxd4 f6 9. O-O fxe5 10. Nxe5 Ndxe5 11. dxe5 Nxe5 12. Qh5+ Nf7 13. Re1 Bd6
14. Bb5+ Kf8 15. Nf1 g6 16. Qf3 Kg7 17. Bd2 Rf8 18. Bc3+ Kg8 19. Rad1 Qg5
20. Qe2 a6 21. Ba4 b5 22. Bb3 b4 23. Bd4 Bd7 24. Qe3 Qxe3 25. Nxe3 h5 26.
Bxd5 exd5 27. Nxd5 Nh6 28. Nf6+ Rxf6 29. Bxf6 Nf5 30. Be5 Bxe5 31. Rxe5 Re8
32. Rxe8+ Bxe8 33. f3 Kf7 34. g4 Ne7 35. Kf2 Ke6 36. Ke3 Bc6 37. Kf4 Bd5
38. a3 a5 39. Rd3 Kf6 40. axb4 axb4 41. h4 Be6 42. Rd6 hxg4 43. fxg4 Kf7
44. g5 Nf5 45. Rb6 Nxh4 46. Rb7+ Ke8 47. Ke5 Bf5 48. Rxb4 Nf3+ 49. Kf4 Ng1
50. Ke5 Nh3 51. Kf6 Nf2 52. Rb8+ Kd7 53. Rf8 Ne4+ 54. Ke5 Nxg5 55. Rxf5
1/2-1/2

[Event "8th Dubai Open"]
[Site "Dubai UAE"]
[Date "2006.04.26"]
[Round "4"]
[White "Prathamesh,S"]
[Black "Lalith,B"]
[Result "0-1"]
[WhiteElo "2366"]
[BlackElo "2240"]
[EventDate "2006.04.23"]

1. e4 c6 2. d4 d5 3. exd5 cxd5 4. c4 Nf6 5. Nc3 e6 6. Nf3 Be7 7. cxd5 Nxd5
8. Bd3 Nc6 9. O-O O-O 10. Re1 Bf6 11. Be4 Nce7 12. Qd3 h6 13. Qe2 b6 14.
Bb1 Bb7 15. Qd3 Ng6 16. Ne4 Re8 17. a3 Rc8 18. Bd2 Ndf4 19. Bxf4 Nxf4 20.
Qd2 Ng6 21. Qe3 Qe7 22. Bd3 Red8 23. Rad1 Rc7 24. Rd2 Rcd7 25. Bb5 Bxe4 26.
Qxe4 Rd6 27. g3 Rd5 28. Bc4 R5d6 29. Bb5 Rd5 30. Ba4 b5 31. Bc2 Qd7 32.
Red1 a6 33. h4 Nf8 34. Qf4 Qd6 35. Qe3 Qb6 36. Qe4 Qc7 37. Bd3 R5d6 38. Qe3
Qe7 39. Bc2 Rd5 40. Kg2 h5 41. Be4 R5d6 42. Ne5 Qc7 43. f4 Qb6 44. Kh2 g6
45. Bb1 Bxe5 46. fxe5 R6d7 47. Be4 a5 48. Bf3 Kg7 49. g4 hxg4 50. Bxg4 Nh7
51. h5 Rh8 52. h6+ Kg8 53. Kg3 Qd8 54. Rc2 Nf8 55. Bf3 Kh7 56. Be4 Rg8 57.
Qf4 Kh8 58. Bc6 Rc7 59. d5 exd5 60. Rxd5 Qe7 61. e6 Nxe6 62. Qe5+ Kh7 63.
Rc3 b4 64. axb4 axb4 65. Rc4 Rgc8 66. Rd6 Qg5+ 67. Qxg5 Nxg5 68. b3 Kxh6
69. Kf4 f5 70. Bd5 Rxc4+ 71. Bxc4 Re8 72. Rb6 Re4+ 73. Kg3 Kh5 74. Rxb4 f4+
75. Kf2 f3 76. Ra4 Kg4 77. Be6+ Kf4 78. Bd5 Rxa4 79. bxa4 Nh3+ 80. Kf1 g5
81. Be6 g4 82. a5 Ng5 83. Bxg4 Kxg4 84. a6 Ne6 85. a7 Nc7 0-1

[Event "8th Dubai Open"]
[Site "Dubai UAE"]
[Date "2006.04.26"]
[Round "4"]
[White "Schmid,St"]
[Black "Sharbaf,M"]
[Result "0-1"]
[WhiteElo "2224"]
[BlackElo "2362"]
[EventDate "2006.04.23"]

1. d4 Nf6 2. Nf3 e6 3. g3 b5 4. Bg2 Bb7 5. O-O c5 6. c3 Na6 7. Qb3 Qb6 8.
a4 b4 9. a5 Qd8 10. Bf4 cxd4 11. cxd4 Rc8 12. Nbd2 Nd5 13. Ne5 Ba8 14. Qd3
Nxf4 15. gxf4 Bxg2 16. Kxg2 Nc7 17. e4 f6 18. Nef3 d5 19. e5 Be7 20. Kh1
O-O 21. Rg1 fxe5 22. fxe5 Qe8 23. Rg3 Qh5 24. Rag1 g6 25. Qe3 Ne8 26. Ne1
Bh4 27. Rf3 Ng7 28. Rxf8+ Rxf8 29. Ndf3 Bd8 30. Qd3 Bxa5 31. Rg5 Qh3 32.
Rg3 Qf5 33. Ng5 Qxd3 34. Nxd3 Bb6 35. Rh3 h5 36. Nxb4 Rxf2 37. Nc6 Kf8 38.
Nh7+ Kf7 39. Kg1 Rxb2 40. Rf3+ Nf5 41. Ng5+ Ke8 42. Nxe6 Kd7 0-1

[Event "8th Dubai Open"]
[Site "Dubai UAE"]
[Date "2006.04.26"]
[Round "4"]
[White "Othman,A"]
[Black "Nadig,K"]
[Result "0-1"]
[WhiteElo "2360"]
[BlackElo "2239"]
[EventDate "2006.04.23"]

1. d4 Nf6 2. c4 e6 3. Nc3 Bb4 4. e3 O-O 5. Bd3 c5 6. Nge2 cxd4 7. exd4 d5
8. O-O dxc4 9. Bxc4 Nbd7 10. Bb3 Nb6 11. Bg5 Be7 12. Qd3 Nbd5 13. Nxd5 Nxd5
14. Bxe7 Nxe7 15. Nc3 Bd7 16. d5 exd5 17. Nxd5 Nxd5 18. Qxd5 Bc6 19. Qf5
Qc8 20. Qh5 g6 21. Qg5 Qd8 22. Qf4 Qb8 23. Qf6 Qd8 24. Qf4 Qb8 25. Qg5 Qd8
26. f4 Kg7 27. Qg3 Qd4+ 28. Rf2 Rad8 29. f5 f6 30. fxg6 hxg6 31. Rd1 Qe5
32. Qxe5 fxe5 33. Rxf8 Rxf8 34. Bd5 Bxd5 35. Rxd5 Kf6 36. Rd7 e4 37. Rd5
Ke6 38. Rg5 Rf6 39. h4 Kd6 40. Rb5 e3 41. Rb3 e2 42. Rd3+ Kc5 43. b4+ Kc4
0-1

[Event "8th Dubai Open"]
[Site "Dubai UAE"]
[Date "2006.04.26"]
[Round "4"]
[White "Pantsulaia,L"]
[Black "Gupta,Ab"]
[Result "1/2-1/2"]
[WhiteElo "2611"]
[BlackElo "2449"]
[EventDate "2006.04.23"]

1. Nf3 Nf6 2. c4 g6 3. g3 Bg7 4. Bg2 d5 5. cxd5 Nxd5 6. d4 Nb6 7. Nc3 Nc6
8. e3 e5 9. O-O exd4 10. exd4 O-O 11. Bg5 Qd7 12. Ne4 Nxd4 13. Nf6+ Bxf6
14. Bxf6 Nxf3+ 15. Qxf3 c6 16. Rfe1 Qf5 17. Re7 Qxf3 18. Bxf3 Bd7 19. Rd1
Rad8 20. Re3 Ra8 21. Re7 Rad8 22. Re3 Ra8 23. Re7 1/2-1/2

[Event "8th Dubai Open"]
[Site "Dubai UAE"]
[Date "2006.04.26"]
[Round "4"]
[White "Laabi Chian,M"]
[Black "Ghane,S"]
[Result "0-1"]
[WhiteElo "2145"]
[BlackElo "2352"]
[EventDate "2006.04.23"]

1. b3 d5 2. Bb2 Bf5 3. e3 e6 4. f4 Nf6 5. Nf3 Nbd7 6. Be2 c6 7. O-O Bd6 8.
Ne5 h6 9. c4 O-O 10. g4 Bh7 11. d3 a5 12. Rf2 a4 13. Nd2 Bc5 14. Nf1 Nxe5
15. Bxe5 d4 16. Bxf6 Qxf6 17. e4 Bxe4 18. b4 Ba7 19. dxe4 d3 20. Bxd3 Bxf2+
21. Kxf2 Rfd8 22. Rb1 Rd7 23. Qf3 Qd4+ 24. Ke2 Rad8 25. Rd1 Qb2+ 26. Rd2
Qxb4 27. e5 a3 28. h4 c5 29. h5 b5 30. Qe4 Kf8 31. cxb5 Rd4 32. Qh7 c4 33.
Qh8+ Ke7 34. Qxg7 cxd3+ 0-1

[Event "8th Dubai Open"]
[Site "Dubai UAE"]
[Date "2006.04.26"]
[Round "4"]
[White "Shantanu,L"]
[Black "Jasim,A"]
[Result "0-1"]
[WhiteElo "2106"]
[BlackElo "2324"]
[EventDate "2006.04.23"]

1. d4 Nf6 2. Nf3 g6 3. Nc3 d5 4. Bf4 Bg7 5. e3 O-O 6. Be2 c6 7. Ne5 Nbd7 8.
h4 Nxe5 9. Bxe5 Ne4 10. Bxg7 Nxc3 11. bxc3 Kxg7 12. h5 Qa5 13. Qd2 Be6 14.
e4 dxe4 15. hxg6 hxg6 16. Qh6+ Kf6 17. Qf4+ Qf5 18. Qc7 Rh8 19. Rxh8 Rxh8
20. O-O-O Kg7 21. g4 Qxf2 22. Qe5+ Qf6 23. Qxe4 Rh3 24. Kb2 Bd5 25. Qe5
Qxe5 26. dxe5 Re3 27. c4 Be6 0-1

[Event "8th Dubai Open"]
[Site "Dubai UAE"]
[Date "2006.04.26"]
[Round "4"]
[White "Kotsur,P"]
[Black "Miroshnichenko,E"]
[Result "0-1"]
[WhiteElo "2570"]
[BlackElo "2608"]
[EventDate "2006.04.23"]

1. c4 Nf6 2. Nc3 e6 3. Nf3 Bb4 4. Qc2 O-O 5. g3 d5 6. a3 Be7 7. d3 c5 8.
Bg2 Nc6 9. O-O b6 10. cxd5 exd5 11. e4 d4 12. Ne2 Bb7 13. Nf4 Bd6 14. Bd2
Rc8 15. Rfe1 Ne5 16. Nxe5 Bxe5 17. a4 Re8 18. Qc4 a5 19. Nh3 h6 20. f4 Bc7
21. Nf2 Nh7 22. Re2 Bd5 23. Qc2 Bc6 24. b3 Re7 25. Rae1 Kh8 26. Qc4 f6 27.
Nh3 Qg8 28. Qc2 g6 29. Nf2 Rce8 30. Nd1 Bd5 31. Nb2 Bxb3 32. Qb1 Nf8 33.
Rc1 Nd7 34. Qa1 g5 35. Rf2 Nf8 36. Kh1 Ng6 37. Bh3 gxf4 38. gxf4 Rg7 39.
Rg1 Qf7 40. Qc1 Reg8 41. Rg3 Ne7 42. Rxg7 Rxg7 43. f5 Qh5 44. Bf1 Nxf5 0-1

[Event "8th Dubai Open"]
[Site "Dubai UAE"]
[Date "2006.04.26"]
[Round "4"]
[White "Joshi,GB"]
[Black "Abdulgalil,H"]
[Result "1-0"]
[WhiteElo "2269"]
[BlackElo "1964"]
[EventDate "2006.04.23"]

1. e4 e5 2. Nf3 Nc6 3. Bb5 a6 4. Ba4 Nf6 5. O-O Be7 6. Re1 b5 7. Bb3 d6 8.
a4 Bg4 9. c3 Na5 10. Bc2 c5 11. d3 b4 12. Nbd2 Rb8 13. h3 Bd7 14. Nb3 O-O
15. Bd2 Nc6 16. Bg5 h6 17. Bxf6 Bxf6 18. Nbd2 bxc3 19. bxc3 Qa5 20. Nc4 Qc7
21. Bb3 Rb7 22. Ne3 Rfb8 23. Bc4 Qa5 24. Nd5 Bd8 25. Nd2 Bg5 26. Nf1 Be6
27. Ra3 Rb2 28. Nfe3 Qd8 29. Bxa6 Bh4 30. g3 Bxh3 31. Qh5 Rd2 32. Bb5 Bxg3
33. fxg3 Bd7 34. Rf1 Kh7 35. Rxf7 1-0

[Event "8th Dubai Open"]
[Site "Dubai UAE"]
[Date "2006.04.27"]
[Round "5"]
[White "Simonenko,S"]
[Black "Kotsur,P"]
[Result "1-0"]
[WhiteElo "2409"]
[BlackElo "2570"]
[EventDate "2006.04.23"]

1. d4 Nf6 2. Nf3 e6 3. e3 b6 4. Bd3 Bb7 5. Nbd2 c5 6. O-O Be7 7. Re1 cxd4
8. exd4 d6 9. Qe2 O-O 10. Ng5 Nbd7 11. Ndf3 Rc8 12. c4 g6 13. Bd2 Ne8 14.
Qe3 Ng7 15. Rac1 Re8 16. Qf4 Nf6 17. b4 Ngh5 18. Qe3 Bf8 19. a4 Qd7 20. h3
h6 21. g4 hxg5 22. gxh5 Nxh5 23. Nxg5 Bg7 24. Be2 Nf6 25. Bc3 Rc7 26. Qf4
Qxa4 27. Qxd6 Rec8 28. d5 Ne8 29. Qf4 exd5 30. Bg4 f5 31. Bxg7 Nxg7 32. Bf3
Qxb4 33. Qh4 Nh5 34. Bxh5 gxh5 35. Qxh5 Qb2 36. Qg6+ Kh8 37. Re8+ Rxe8 38.
Qxe8+ Kg7 39. Ne6+ Kh6 40. Qf8+ Kg6 41. Qg8+ Rg7 42. Qxg7+ Qxg7 43. Nxg7
Kxg7 44. cxd5 Bxd5 45. Rc7+ Kf6 46. Rxa7 b5 47. f4 b4 48. Ra6+ Ke7 49. Rb6
b3 50. Kf2 Kd7 51. Ke3 Kc7 52. Rb4 1-0

[Event "8th Dubai Open"]
[Site "Dubai UAE"]
[Date "2006.04.27"]
[Round "5"]
[White "Gelashvili,T"]
[Black "Ghaem Maghami,E"]
[Result "1/2-1/2"]
[WhiteElo "2576"]
[BlackElo "2584"]
[EventDate "2006.04.23"]

1. Nf3 Nf6 2. g3 d5 3. Bg2 c6 4. O-O Bf5 5. d3 e6 6. Nbd2 h6 7. b3 Be7 8.
Bb2 O-O 9. Ne5 Bh7 10. e4 a5 11. a3 Nbd7 12. Nxd7 Nxd7 13. Qe2 Bf6 14. e5
Be7 15. Kh1 b5 16. f4 a4 17. b4 c5 18. bxc5 Bxc5 19. Nf3 b4 1/2-1/2

[Event "8th Dubai Open"]
[Site "Dubai UAE"]
[Date "2006.04.27"]
[Round "5"]
[White "Petrosian,TL"]
[Black "Gupta,Ab"]
[Result "1-0"]
[WhiteElo "2571"]
[BlackElo "2449"]
[EventDate "2006.04.23"]

1. e4 c5 2. Nf3 d6 3. c3 Nf6 4. Be2 Bg4 5. Qb3 Qb6 6. Qc2 Nc6 7. d3 e6 8.
h3 Bh5 9. g4 Bg6 10. g5 Nh5 11. Nh4 e5 12. Rg1 Be7 13. Nf5 Bxf5 14. exf5
Nf4 15. Bxf4 exf4 16. Bf3 O-O-O 17. Bd5 h6 18. f6 gxf6 19. g6 fxg6 20. Rxg6
Rhe8 21. Kf1 Bf8 22. Rxf6 Bg7 23. Rf7 Re7 24. Qb3 Rxf7 25. Qxb6 axb6 26.
Bxf7 Ne5 27. Bc4 Nxc4 28. dxc4 d5 29. Na3 d4 30. Rd1 dxc3 31. Rxd8+ Kxd8
32. bxc3 f3 33. Nb1 Kd7 34. Ke1 Kc6 35. a4 Bf6 36. Kd2 Bg5+ 37. Kd3 Kd6 38.
Nd2 Ke5 39. Nxf3+ Kf4 40. Nxg5 hxg5 41. Ke2 Ke4 42. f3+ Ke5 43. Kf1 Kf5 44.
Kg2 Kf4 45. Kf2 Ke5 46. Kg3 Kf5 47. f4 gxf4+ 48. Kf3 Kg5 49. Ke4 Kh4 50.
Kxf4 Kxh3 51. Ke5 Kg3 52. Kd6 Kf4 53. Kc7 Ke4 54. Kxb7 1-0

[Event "8th Dubai Open"]
[Site "Dubai UAE"]
[Date "2006.04.27"]
[Round "5"]
[White "Gagunashvili,M"]
[Black "Anilkumar,O"]
[Result "1-0"]
[WhiteElo "2560"]
[BlackElo "2284"]
[EventDate "2006.04.23"]

1. d4 b6 2. e4 e6 3. Nf3 Bb7 4. Bd3 d5 5. e5 c5 6. c3 a5 7. O-O Ba6 8. Bxa6
Nxa6 9. c4 cxd4 10. Nxd4 Bc5 11. cxd5 Qxd5 12. Qa4+ Kf8 13. Rd1 Ne7 14. Nc3
Qxe5 15. Bf4 Qh5 16. Nb3 e5 17. Qd7 f6 18. Be3 Bxe3 19. fxe3 Qe8 20. Qg4 h5
21. Qe2 a4 22. Nd2 Nc5 23. Nc4 Rb8 24. b4 axb3 25. axb3 Nc6 26. Nd6 Qe6 27.
Qb5 Nd8 28. b4 Nb3 29. Ra7 h4 30. Qd7 Qxd7 31. Rxd7 Ne6 32. Rb1 Nbc5 33.
bxc5 Nxc5 34. Rc7 Ne6 35. Ra7 Kg8 36. Nd5 Rh5 37. Rb4 b5 38. Re7 Nc5 39.
Rg4 Rg5 40. Rxg5 fxg5 41. Rxe5 Nd3 42. Ne7+ Kf8 43. Ng6+ Kg8 44. Rd5 Nb2
45. Rxb5 Rxb5 46. Nxb5 Nd1 47. Ne7+ Kf7 48. Nd5 Ke6 49. Nbc3 Nb2 50. Kf2 g4
51. Ke2 g5 52. Nb6 Kd6 53. Nca4 1-0

[Event "8th Dubai Open"]
[Site "Dubai UAE"]
[Date "2006.04.27"]
[Round "5"]
[White "Sharbaf,M"]
[Black "Anastasian,A"]
[Result "1/2-1/2"]
[WhiteElo "2362"]
[BlackElo "2553"]
[EventDate "2006.04.23"]

1. e4 c5 2. Nc3 Nc6 3. f4 g6 4. Nf3 Bg7 5. Bc4 e6 6. f5 Nge7 7. fxe6 dxe6
8. d3 Na5 9. Bb3 O-O 10. O-O Bd7 11. Be3 Qc7 12. Nd2 b5 13. a4 b4 14. Ne2
Bxb2 15. Bh6 Bg7 16. Bxg7 Kxg7 17. Qe1 e5 18. Qh4 f6 19. Rf3 Nxb3 20. cxb3
Be6 21. Raf1 Ng8 22. g4 h6 23. Qg3 g5 24. h3 Ne7 25. Qf2 Ng6 26. Rxf6 Qe7
27. Rxf8 Rxf8 28. Qe3 Nf4 29. Nxf4 exf4 30. Qe2 Rd8 31. Rd1 Qf6 32. e5 Qe7
33. Nc4 Bxc4 34. dxc4 Rxd1+ 35. Qxd1 Qxe5 36. Qd7+ Kf8 37. Qd8+ Kf7 38.
Qd7+ Qe7 39. Qd5+ Kg7 40. Kf1 a5 41. Qc6 Kh7 42. Qd5 h5 43. Qf5+ Kh6 44.
Qc8 hxg4 45. hxg4 Qd6 46. Qh8+ Kg6 47. Qh5+ Kf6 48. Qh6+ Ke5 49. Qxg5+ Ke4
50. Qf5+ Kf3 51. Qc2 Kxg4 52. Qg2+ Kf5 53. Qh3+ Kg5 54. Qg2+ Kf6 55. Qf3
Qd4 56. Ke2 Qe3+ 57. Qxe3 fxe3 58. Kxe3 Ke5 1/2-1/2

[Event "8th Dubai Open"]
[Site "Dubai UAE"]
[Date "2006.04.27"]
[Round "5"]
[White "Ramesh,R"]
[Black "Sai,Sr"]
[Result "1-0"]
[WhiteElo "2507"]
[BlackElo "2309"]
[EventDate "2006.04.23"]

1. e4 c5 2. Nf3 d6 3. d4 cxd4 4. Nxd4 Nf6 5. Nc3 Nc6 6. f3 e5 7. Nb3 Be7 8.
Be3 O-O 9. Qd2 a5 10. Bb5 Na7 11. Be2 Nc6 12. a3 a4 13. Nc1 Bd7 14. N1a2
Qa5 15. O-O-O Be6 16. Kb1 Rfd8 17. Nd5 Bxd5 18. exd5 Qxd2 19. Rxd2 Na5 20.
Nc3 Rdc8 21. Nxa4 Nc4 22. Bxc4 Rxa4 23. Bb5 Raa8 24. c4 e4 25. Re1 exf3 26.
gxf3 Nh5 27. Bb6 Bh4 28. Re4 Bg5 29. Rde2 Nf4 30. Re8+ Rxe8 31. Rxe8+ Rxe8
32. Bxe8 Nd3 33. Bc6 Ne5 34. Bxb7 Nxc4 35. Bc7 Bf6 36. Kc2 Nxb2 37. Bxd6
Nc4 38. Bc5 Be5 39. h3 Bc7 40. a4 f6 41. Ba6 Nd6 42. Bd3 Nb7 43. Bb4 Kf7
44. Kc3 g6 45. Bb5 Nd6 46. Bc6 Ke7 47. a5 g5 48. Kd4 Kd8 49. a6 Bb6+ 50.
Bc5 Nf5+ 51. Kc4 Ne3+ 1-0

[Event "8th Dubai Open"]
[Site "Dubai UAE"]
[Date "2006.04.27"]
[Round "5"]
[White "Nadig,K"]
[Black "Taleb,M"]
[Result "1/2-1/2"]
[WhiteElo "2239"]
[BlackElo "2452"]
[EventDate "2006.04.23"]

1. e4 c5 2. Nf3 d6 3. d4 cxd4 4. Nxd4 Nf6 5. Nc3 Nc6 6. Bc4 Bd7 7. Bb3 g6
8. f3 Bg7 9. Be3 O-O 10. Qd2 Na5 11. O-O-O Rc8 12. Kb1 Nc4 13. Bxc4 Rxc4
14. g4 Qc8 15. g5 Nh5 16. Nd5 Qd8 17. Ne2 e6 18. Ndf4 Nxf4 19. Nxf4 Rc6 20.
h4 d5 21. exd5 exd5 22. Qxd5 Qc8 23. Qxd7 Rxc2 24. Qb5 Qe8 25. Qxe8 Rxb2+
26. Kc1 Rxe8 27. Bd4 Rxa2 28. Kb1 Ra5 29. Bxg7 Kxg7 30. Rd5 Re5 31. Rhd1
Rb5+ 32. Kc2 Rc5+ 33. Kb3 Re3+ 34. R1d3 Rxd5 35. Rxe3 Rf5 36. Ne2 h6 37. f4
hxg5 38. hxg5 f6 39. Nd4 Rd5 40. Kc4 Rd7 41. Re6 fxg5 42. fxg5 a5 43. Nf3
Rf7 44. Ne5 b5+ 45. Kb3 a4+ 46. Ka3 Rf5 47. Rxg6+ Kh7 48. Rh6+ Kg7 49. Rg6+
Kh7 50. Rh6+ Kg7 1/2-1/2

[Event "8th Dubai Open"]
[Site "Dubai UAE"]
[Date "2006.04.27"]
[Round "5"]
[White "Joshi,GB"]
[Black "Odeev,H"]
[Result "0-1"]
[WhiteElo "2269"]
[BlackElo "2492"]
[EventDate "2006.04.23"]

1. e4 c5 2. Nf3 d6 3. d4 cxd4 4. Nxd4 Nf6 5. Nc3 a6 6. Bc4 e6 7. Bb3 Nbd7
8. f4 Nc5 9. Qf3 b5 10. f5 b4 11. Na4 Nxb3 12. axb3 e5 13. Nc6 Qc7 14. Nxb4
Rb8 15. Bd2 a5 16. Nd5 Nxd5 17. exd5 Qxc2 18. Rf1 Qxb3 19. Qxb3 Rxb3 20.
Kd1 Rb5 21. Nc3 Rxb2 22. Rxa5 Be7 23. Kc1 Rb4 24. Kc2 O-O 25. h3 h5 26. Ne2
Rb6 27. Ng3 Ba6 28. Rfa1 Rc8+ 29. Bc3 Bc4 30. Nxh5 Bb3+ 0-1

[Event "8th Dubai Open"]
[Site "Dubai UAE"]
[Date "2006.04.27"]
[Round "5"]
[White "El Taher,F"]
[Black "Aryanejad,H"]
[Result "1-0"]
[WhiteElo "2468"]
[BlackElo "2236"]
[EventDate "2006.04.23"]

1. e4 e5 2. Nf3 Nf6 3. Nc3 Bb4 4. Nxe5 O-O 5. Be2 Re8 6. Nd3 Bxc3 7. dxc3
Nxe4 8. Nf4 d6 9. O-O Nc6 10. Re1 Bf5 11. Be3 Ne5 12. c4 Nf6 13. h3 Be4 14.
Qd2 Qd7 15. f3 Bc6 16. Rad1 b6 17. b3 Re7 18. a4 a6 19. Bf2 Bb7 20. Bh4 Qc6
21. Bxf6 gxf6 22. Nh5 Nd7 23. b4 Re5 24. Qh6 Rxh5 25. Qxh5 Nf8 26. Bd3 Qxa4
27. Re7 Ng6 28. Rxc7 Bc6 29. Rxf7 Kxf7 30. Qxh7+ Ke8 31. Bxg6+ Kd8 32.
Rxd6+ 1-0

[Event "8th Dubai Open"]
[Site "Dubai UAE"]
[Date "2006.04.27"]
[Round "5"]
[White "Stellwagen,R"]
[Black "Kayumov,S"]
[Result "0-1"]
[WhiteElo "2232"]
[BlackElo "2426"]
[EventDate "2006.04.23"]

1. e4 e5 2. Nf3 Nc6 3. Bb5 a6 4. Ba4 Nf6 5. O-O Be7 6. Re1 b5 7. Bb3 d6 8.
c3 O-O 9. h3 Na5 10. Bc2 c5 11. d4 Qc7 12. Nbd2 cxd4 13. cxd4 Nc6 14. d5
Nb4 15. Bb1 a5 16. a3 Na6 17. b4 axb4 18. axb4 Bd7 19. Qb3 Nh5 20. Bb2 Nf4
21. Kh2 Qb6 22. Rf1 Rfc8 23. Ng1 Qd8 24. g3 Ng6 25. Bd3 h5 26. Rfc1 h4 27.
Rxc8 Qxc8 28. Rc1 Qb8 29. Re1 Qa7 30. Kg2 Bg5 31. Ndf3 Bd8 32. Ra1 Qb7 33.
Ra2 Nc7 34. Ne2 Ra4 35. Nc3 Rxa2 36. Qxa2 Ne8 37. Bc1 Qc8 38. Qd2 Bxh3+ 39.
Kh1 hxg3 40. fxg3 Qg4 0-1